[Event "Malakhatko Memorial op"]
[Site "Chess.com INT"]
[Date "2023.06.14"]
[Round "6"]
[White "Petrova, Irina"]
[Black "Dzurak, Vitalii"]
[Result "1-0"]
[WhiteElo "2108"]
[BlackElo "1884"]
[PlyCount "57"]
[EventDate "2023.06.14"]
[EventType "swiss (blitz)"]
[EventRounds "11"]
[EventCountry "USA"]
[SourceTitle "CBM 214 Extra"]
[Source "ChessBase"]
[SourceDate "2023.07.31"]
[SourceVersion "1"]
[SourceVersionDate "2023.07.31"]
[SourceQuality "1"]

1. e4 c6 2. d4 d5 3. Nc3 dxe4 4. Nxe4 Bf5 5. Ng3 Bg6 6. h4 h6 7. Nf3 Nd7 8. h5 Bh7 9. Bd3 Bxd3 10. Qxd3 e6 11. Bd2 Ngf6 12. 0-0-0 Be7 13. Kb1 0-0 14. Rhe1 c5 15. dxc5 Nxc5 16. Qe2 Qb6 17. Be3 Nd5 18. Bd4 Rfd8 19. Ne5 Bf6 20. c4 Nf4 21. Qf3 Nxg2 22. Qxg2 Rxd4 23. Rxd4 Na4 24. Rd2 Qb4 25. f4 Bh4 26. Rg1 Kf8 27. Nf5 Bf6 28. Nd7+ Ke8 29. Nxf6+ 1-0

[Event "Kiev Spring op"]
[Site "Kiev"]
[Date "2021.07.17"]
[Round "9"]
[White "Dzurak, Vitalii"]
[Black "Legenia, Artem"]
[Result "1/2-1/2"]
[WhiteElo "1894"]
[BlackElo "2144"]
[PlyCount "49"]
[EventDate "2021.07.10"]
[EventType "swiss"]
[EventRounds "9"]
[EventCountry "UKR"]
[SourceTitle "EXT 2024"]
[Source "ChessBase"]
[SourceDate "2023.10.10"]
[SourceVersion "1"]
[SourceVersionDate "2023.10.10"]
[SourceQuality "1"]

1. d4 Nf6 2. c4 e6 3. Nc3 Bb4 4. Qc2 Nc6 5. Nf3 d5 6. cxd5 exd5 7. Bg5 h6 8. Bxf6 Qxf6 9. 0-0-0 Bxc3 10. Qxc3 0-0 11. e3 Bg4 12. Be2 Ne7 13. Kb1 c6 14. h3 Bxf3 15. Bxf3 Nf5 16. e4 dxe4 17. Bxe4 Rad8 18. d5 Qxc3 19. bxc3 Nd6 20. Bf3 c5 21. Rhe1 Rfe8 22. Kc2 Rxe1 23. Rxe1 Kf8 24. a4 Re8 25. Rb1 1/2-1/2

[Event "Kiev Spring op"]
[Site "Kiev"]
[Date "2021.07.11"]
[Round "2"]
[White "Dolzhikova, Kateryna"]
[Black "Dzurak, Vitalii"]
[Result "1-0"]
[WhiteElo "2166"]
[BlackElo "1894"]
[PlyCount "103"]
[EventDate "2021.07.10"]
[EventType "swiss"]
[EventRounds "9"]
[EventCountry "UKR"]
[SourceTitle "EXT 2024"]
[Source "ChessBase"]
[SourceDate "2023.10.10"]
[SourceVersion "1"]
[SourceVersionDate "2023.10.10"]
[SourceQuality "1"]

1. e4 c6 2. d4 d5 3. Nd2 dxe4 4. Nxe4 Bf5 5. Ng3 Bg6 6. Nh3 e6 7. Nf4 Qc7 8. h4 Bd6 9. Nxg6 hxg6 10. Ne4 Bf4 11. g3 Bxc1 12. Qxc1 Nd7 13. Qe3 Ngf6 14. Ng5 Qa5+ 15. c3 Qd5 16. Rg1 0-0 17. Bg2 Qa5 18. a3 e5 19. 0-0-0 exd4 20. Qxd4 Qc5 21. Rge1 Rfe8 22. Qxc5 Nxc5 23. Kc2 Kf8 24. b4 Ncd7 25. b5 cxb5 26. Bxb7 Rxe1 27. Rxe1 Rb8 28. Bc6 Rb6 29. Bxd7 Nxd7 30. Nh7+ Kg8 31. Re7 Kxh7 32. Rxd7 Rf6 33. f4 a6 34. Kb3 Kh6 35. a4 Rf5 36. Ra7 bxa4+ 37. Kxa4 Kh5 38. Re7 Kg4 39. Re3 a5 40. c4 Rc5 41. Kb3 Rc7 42. Kc3 f6 43. Kd4 Rd7+ 44. Kc5 Rd1 45. Rc3 Rb1 46. Kd5 a4 47. c5 Rb3 48. Kc4 Rb8 49. c6 Kf5 50. c7 Rc8 51. Kd5 a3 52. Kd6 1-0

[Event "FIDE World Uni Rapid-D 1st"]
[Site "Tornelo INT"]
[Date "2021.03.21"]
[Round "11"]
[White "Dzurak, Vitalii"]
[Black "Avetisyan, Mariam"]
[Result "0-1"]
[WhiteElo "1894"]
[BlackElo "2027"]
[PlyCount "136"]
[EventDate "2021.03.20"]
[EventType "swiss (rapid)"]
[EventRounds "12"]
[EventCountry "NET"]
[SourceTitle "EXT 2022"]
[Source "ChessBase"]
[SourceDate "2021.10.06"]
[SourceVersion "1"]
[SourceVersionDate "2021.10.06"]
[SourceQuality "1"]

1. d4 Nf6 2. c4 e6 3. Nc3 Be7 4. e4 d6 5. Nf3 c5 6. e5 dxe5 7. dxe5 Qxd1+ 8. Nxd1 Nfd7 9. Nc3 a6 10. Bf4 Nc6 11. Bd3 g5 12. Nxg5 Ndxe5 13. Be2 Ng6 14. Be3 f5 15. Bh5 0-0 16. f4 Rb8 17. 0-0 b5 18. cxb5 axb5 19. Rad1 Nb4 20. g3 c4 21. Be2 Nc6 22. Bf3 Nd8 23. h4 h6 24. Nh3 b4 25. Na4 Bb7 26. Bh5 Nh8 27. Nb6 Bc6 28. Nxc4 Nhf7 29. Nf2 Bd5 30. Be2 Nc6 31. Nb6 Rfd8 32. Bc4 Bxc4 33. Nxc4 Nd6 34. Nxd6 Bxd6 35. Rc1 Ne7 36. Rfd1 Nd5 37. Bd4 Ra8 38. Ra1 Rdc8 39. Re1 Kf7 40. Re2 Rc4 41. Be5 Bc5 42. Kh2 Ne3 43. Nd3 Ng4+ 44. Kg2 Be7 45. Rc1 Rxc1 46. Nxc1 Rc8 47. Nb3 Rc4 48. Nd4 Nxe5 49. Nxe6 Kxe6 50. Rxe5+ Kf6 51. Re2 Bc5 52. Kf3 Bd4 53. h5 Kf7 54. g4 fxg4+ 55. Kxg4 Bf6 56. Kf5 Rc5+ 57. Kg4 Rc1 58. Re4 Be7 59. Re2 Rg1+ 60. Kf5 Rh1 61. Kg4 Rh4+ 62. Kg3 Rxh5 63. Kg4 Rb5 64. Rh2 Kg7 65. f5 Rd5 66. Re2 Rd4+ 67. Kf3 Bg5 68. Re6 Rf4+ 0-1

[Event "FIDE World Uni Rapid-D 1st"]
[Site "Tornelo INT"]
[Date "2021.03.20"]
[Round "2"]
[White "Dzurak, Vitalii"]
[Black "Ruiz Castillo, Joshua Daniel"]
[Result "0-1"]
[WhiteElo "1894"]
[BlackElo "2502"]
[PlyCount "72"]
[EventDate "2021.03.20"]
[EventType "swiss (rapid)"]
[EventRounds "12"]
[EventCountry "NET"]
[SourceTitle "EXT 2022"]
[Source "ChessBase"]
[SourceDate "2021.10.06"]
[SourceVersion "1"]
[SourceVersionDate "2021.10.06"]
[SourceQuality "1"]

1. d4 Nf6 2. c4 e5 3. dxe5 Ng4 4. e3 Nxe5 5. Nh3 g6 6. Nf4 Bg7 7. Nc3 d6 8. Be2 0-0 9. 0-0 Nbd7 10. Qc2 a5 11. b3 Nc5 12. Bb2 Re8 13. a3 Nc6 14. Na4 Bf5 15. Qd1 Nxa4 16. Bxg7 Kxg7 17. bxa4 b6 18. Bf3 Be4 19. Bxe4 Rxe4 20. Qd5 Qe8 21. Rad1 Re5 22. Qf3 Rc5 23. Nd5 Qd8 24. Qf4 Ne5 25. Rd4 h5 26. Rfd1 Nd7 27. Nc3 Nf6 28. e4 Qe8 29. f3 Qe5 30. Qe3 Re8 31. R1d2 Nd7 32. Rd5 Qf6 33. Nb5 Rxc4 34. Nxd6 cxd6 35. Rxd6 Rc1+ 36. Kf2 Qh4+ 0-1

[Event "FISU World University"]
[Site "Tornelo INT"]
[Date "2020.10.27"]
[Round "6.18"]
[White "Vaculik, Jakub"]
[Black "Dzurak, Vitalii"]
[Result "1-0"]
[WhiteElo "2147"]
[BlackElo "1894"]
[PlyCount "99"]
[EventDate "2020.10.26"]
[EventType "team-swiss (rapid)"]
[EventRounds "9"]
[EventCountry "NET"]
[SourceTitle "CBM 199 Extra"]
[Source "ChessBase"]
[SourceDate "2021.01.31"]
[SourceVersion "1"]
[SourceVersionDate "2021.01.31"]
[SourceQuality "1"]
[WhiteTeam "Czech Republic"]
[BlackTeam "Ukraine II"]
[WhiteTeamCountry "CZE"]
[BlackTeamCountry "UKR"]

1. e4 c6 2. d4 d5 3. e5 c5 4. c3 Nc6 5. Nf3 Bg4 6. dxc5 e6 7. Be3 Nge7 8. Bb5 Qc7 9. Nbd2 Nf5 10. Bd4 Be7 11. 0-0 0-0 12. Bxc6 Qxc6 13. b4 Nxd4 14. cxd4 f6 15. Qb3 b5 16. h3 Bh5 17. a4 a5 18. axb5 Qxb5 19. Rxa5 Rxa5 20. bxa5 Qxa5 21. Qb7 Bd8 22. Qd7 Re8 23. exf6 gxf6 24. Rb1 Qc7 25. Rb7 Qxd7 26. Rxd7 Bxf3 27. Nxf3 Ba5 28. g4 Rd8 29. Re7 e5 30. dxe5 fxe5 31. Nxe5 Bc3 32. Nd3 d4 33. f4 Ra8 34. c6 Rc8 35. Re6 Kf7 36. f5 h5 37. Kg2 hxg4 38. hxg4 Bd2 39. Kf3 Be3 40. Ne5+ Kg7 41. Ke4 Bf2 42. f6+ Kg8 43. g5 Bh4 44. g6 d3 45. Kxd3 Bg3 46. Ke4 Bxe5 47. Kxe5 Ra8 48. Rd6 Re8+ 49. Kf5 Rc8 50. c7 1-0

[Event "FISU World University"]
[Site "Tornelo INT"]
[Date "2020.10.26"]
[Round "3.12"]
[White "Dzurak, Vitalii"]
[Black "Sargsyan, Shant"]
[Result "0-1"]
[WhiteElo "1894"]
[BlackElo "2596"]
[PlyCount "96"]
[EventDate "2020.10.26"]
[EventType "team-swiss (rapid)"]
[EventRounds "9"]
[EventCountry "NET"]
[SourceTitle "CBM 199 Extra"]
[Source "ChessBase"]
[SourceDate "2021.01.31"]
[SourceVersion "1"]
[SourceVersionDate "2021.01.31"]
[SourceQuality "1"]
[WhiteTeam "Ukraine II"]
[BlackTeam "Armenia"]
[WhiteTeamCountry "UKR"]
[BlackTeamCountry "ARM"]

1. d4 Nf6 2. c4 e6 3. Nc3 Bb4 4. Qc2 d5 5. cxd5 exd5 6. Nf3 0-0 7. Bg5 h6 8. Bh4 Be6 9. e3 Nbd7 10. Bd3 Rc8 11. 0-0 c5 12. a3 Bxc3 13. Qxc3 c4 14. Bc2 Qb6 15. Bxf6 Nxf6 16. Ne5 Qd6 17. f3 b5 18. b4 Rfe8 19. a4 a5 20. Rfb1 axb4 21. Qxb4 Qxb4 22. Rxb4 bxa4 23. Raxa4 Rb8 24. Kf2 Kf8 25. Ke2 Rxb4 26. Rxb4 Ra8 27. Kd2 g5 28. e4 Ra3 29. exd5 c3+ 30. Kd1 Nxd5 31. Nc4 Ra8 32. Rb7 Rd8 33. Be4 Nf6 34. Nb6 Nxe4 35. fxe4 Rxd4+ 36. Kc2 Rxe4 37. Kxc3 Re2 38. h4 gxh4 39. Nd7+ Kg7 40. Nc5 Bf5 41. Rb4 Rc2+ 42. Kd4 Rxg2 43. Ke5 Bg4 44. Nd3 h3 45. Nf4 Ra2 46. Rb1 h2 47. Ke4 Ra3 48. Nd3 Rxd3 0-1